000 01362nam a2200361 c 4500
003 BLK
005 20250103135431.0
008 180412b bul|||||r ||||||| ||bul||
010 _aKNG00006820000
020 _a954-01-0272-3
040 _aBLK
041 _aDEU
_cDEU
080 _aНемски език - учебни предмети
_b373.3.016:811.112.2
_x(075.2)
_z373.3.016:811.112.2(075.2)
100 1 _aZlatanova, Gizela
_eпърви автор
_928824
139 _aZlatanova, Gizela
_bZ 78
245 1 0 _aKommt, Wir spielen, singen und lernen
_bEin Lesebuch fur kleine Deutschlerner : За V - VI кл.
_cGizela Zlatanova.
257 _aBGR
260 _bProsveta
_c1995
_fРусе : Дунав прес
300 _a144 с.
_bс цв. ил.
_c21 см
380 _a3
500 _aАвт. не е отбелязана на кор. ; Пълното име на авт. е Гизела Гаугер-Златанова ; 5 070 тир.
650 4 _aНемски език - за деца - учебни помагала
_9250321
653 _aнемски език
653 _aдеца
653 _aучебни помагала
852 _aЦб 182420
856 4 _qpdf
_u
856 4 _qpdf
_u
942 _cKNG
_n0
944 _aCR
_c15.01.2003
_k30556
_lТеодора Пейчева-Дянкова
944 _aED
_c11.11.2003
999 _c5623
_d5623
999 _d5623